000 01911cas a2200409 a 4500
001 000506519
003 AM-YeHGA
005 20250617134800.0
008 750807d1959199ubu qr0||||||||0|||c0frerd
022 _a0324-1653
_y0075-9678
040 _aAM-YeHGA
041 0 _afre
_ager
_aeng
_arus
_bbul
042 _ansdp
_amsc
043 _aed-----
210 0 _aБалк. езикозн.
222 0 _aБалканско езикознание
245 0 0 _aБалканско езикознание =
_bLinguistique balkanique /
_cБългарска Академия на Науките, Eдинен център за език и литература.
246 3 1 _aLinguistique balkanique
260 _aСофия :
_bИздательство на Българската Академия на Науките,
_c1959-.
300 _av. :
_bill. ;
_c25 cm.
310 _aQuarterly
362 0 _a1-
362 1 _aCeased publication.
500 _aSome issues have a distinctive title.
500 _aLatest issue consulted: 37, 3-4 (1994/1995).
546 _aText in French, German, English, and Russian; Summaries in Bulgarian.
550 _aIssued by: Bulgarska akademiia na naukite, Otdelenie za ezikoznanie, literaturoznanie i izkustvoznanie, 1960-1973; Bulgarska akademiia na naukite, Edinen tsentur za ezik i literatura, 1973-
590 _aSERBIB/SERLOC merged record
650 0 4 _aԱմսագիր
650 0 _aLinguistics
_vPeriodicals
651 0 _aBalkan Peninsula
_xLanguages
_vPeriodicals.
710 2 _aBulgarska akademiia na naukite.
_bOtdelenie za ezikoznanie, literaturoznanie i etnografiia.
710 2 _aBulgarska akademiia na naukite.
_bOtdelenie za ezikoznanie, literaturoznanie i izkustvoznanie.
710 2 _aБългарска Академия на Науките
_bEдинен център за език и литература
942 _2udc
_cCR
090 _c189348
999 _c187882
_d187882